| 000 | 01377nam0a22003251 4500 | ||
|---|---|---|---|
| 001 | rc\4062761 | ||
| 005 | 20250611074757.0 | ||
| 021 |
_aRU _b[52-3111] |
||
| 035 | _a(NLR Aleph) 008114017 | ||
| 090 |
_a9322305 _c9322305 |
||
| 100 | _a20130415d1951 |||y0rusy50 ca | ||
| 101 | 1 |
_arus _cfre |
|
| 102 | _aRU | ||
| 105 | _ay z ||||| | ||
| 200 | 1 |
_aОбщеславянский язык _fПер. со 2-го фр. изд., просмотр. и доп. в сотрудничестве с А. Вайаном _gПер. и примеч. проф. П.С. Кузнецова _gПод ред. проф. С.Б. Бернштейна _gПредисл. проф. Р.И. Аванесова и проф. П.С. Кузнецова |
|
| 210 |
_aМосква _cИзд-во иностр. лит. _d1951 |
||
| 215 |
_aXVI, 492 с. _d23 |
||
| 320 | _aБиблиогр.: с. 413-16 | ||
| 606 |
_aСлавянский язык _2psbo |
||
| 700 | 1 |
_aМейе _bА. _f1866-1936 _gАнтуан |
|
| 702 | 1 |
_aБернштейн _bС.Б. _4340 |
|
| 702 | 1 |
_4080 _7ca _8rus _aАванесов _bР. И. _f1902-1982 _gРубен Иванович _92641526 _3RU\NLR\AUTH\770272520 |
|
| 702 | 1 |
_aКузнецов _bП.С. _4730 _4212 |
|
| 702 | 1 |
_aВайан _bА. _4212 _4212 |
|
| 801 | 0 |
_aRU _bNLR _gpsbo |
|
| 801 | 1 |
_aRU _bELAR _2rusmarc |
|
| 852 |
_aNLR _jЯ30 Г-5/105 |
||
| 942 | _cBOOK | ||
| 980 | _aNB | ||